[Event "IRT Memorial Victorio Riego"]
[Site "?"]
[Date "2011.01.08"]
[Round "3.5"]
[White "Rezende, Vinela"]
[Black "Latorre, Matias"]
[Result "0-1"]
[WhiteElo "1975"]
[BlackElo "2093"]
[PlyCount "88"]
[EventDate "2011.01.08"]

1. Nf3 g6 2. d4 Bg7 3. c4 d6 4. Nc3 Bg4 5. h3 Bxf3 6. gxf3 e5 7. dxe5 Bxe5 8.
Qb3 b6 9. f4 Bf6 10. Bg2 c6 11. Ne4 Be7 12. Bd2 Nh6 13. O-O-O Nf5 14. Bc3 O-O
15. Ng3 Qc8 16. Be4 Nxg3 17. fxg3 Qe6 18. Bf3 Rc8 19. e4 Nd7 20. Bg4 Nc5 21.
Qc2 Qxc4 22. Bxc8 Rxc8 23. b3 Qxe4 24. Rhe1 Qxc2+ 25. Kxc2 Bf8 26. Bb4 Nb7 27.
f5 a5 28. Bc3 d5 29. fxg6 hxg6 30. h4 Nd6 31. h5 Ne4 32. hxg6 Nxc3 33. gxf7+
Kg7 34. Re8 Nxd1 35. Rxc8 Ne3+ 36. Kd3 Ng4 37. Kd4 Bc5+ 38. Kc3 Ne5 39. Rc7 d4+
40. Kd2 Bb4+ 41. Kd1 d3 42. f8=Q+ Kxf8 43. Rc8+ Kf7 44. Rd8 Ng4 0-1

[Event "IRT Memorial Victorio Riego"]
[Site "?"]
[Date "2011.01.08"]
[Round "3.6"]
[White "De Deus Filho, Joaquim"]
[Black "Torres, Christian"]
[Result "1-0"]
[WhiteElo "2107"]
[BlackElo "1670"]
[PlyCount "51"]
[EventDate "2011.01.08"]

1. e4 c5 2. Nc3 d6 3. f4 Nc6 4. Bc4 e6 5. d3 Nf6 6. Bb3 Be7 7. Nf3 a6 8. a4 Qc7
9. O-O O-O 10. Qe1 Rd8 11. Qg3 Rb8 12. f5 exf5 13. Bg5 Re8 14. Rae1 fxe4 15.
dxe4 b5 16. axb5 axb5 17. Nd5 Nxd5 18. exd5 Nb4 19. Bf6 g6 20. Rxe7 Rxe7 21.
Qh4 h5 22. Bxe7 c4 23. Bf6 Nxd5 24. Ba2 Qa7+ 25. Bd4 Qxa2 26. Qd8+ 1-0

[Event "IRT Memorial Victorio Riego"]
[Site "Asunción"]
[Date "2011.01.08"]
[Round "3.7"]
[White "Fretes, Hector"]
[Black "Lipiniks, Leonardo"]
[Result "1-0"]
[WhiteElo "1717"]
[BlackElo "1863"]
[PlyCount "109"]
[EventDate "2011.01.06"]

1. e4 c5 2. Nf3 d6 3. d4 cxd4 4. Nxd4 Nf6 5. Nc3 a6 6. Bg5 e6 7. f4 Be7 8. Qf3
Nc6 9. Nxc6 bxc6 10. O-O-O Qb6 11. e5 dxe5 12. fxe5 Nd5 13. Bxe7 Nxe7 14. Ne4
O-O 15. Bd3 Rb8 16. b3 Ng6 17. Qh5 Qe3+ 18. Kb1 Qf4 19. Ng5 h6 20. Nxf7 Qxf7
21. Bxg6 Qe7 22. Be4 Rf4 23. Qg6 Rxe4 24. Qxe4 Bb7 25. Rd6 c5 26. Qg4 Bd5 27.
c4 Rb4 28. Rf1 Bxc4 29. Rf4 h5 30. Qg3 h4 31. Qf2 Bd5 32. Rxb4 cxb4 33. Qc5 Qf8
34. Qxb4 Qf5+ 35. Kc1 Qxe5 36. Rd8+ Kf7 37. Rf8+ Kg6 38. Qg4+ Qg5+ 39. Qxg5+
Kxg5 40. Rf2 Kg4 41. Kd2 g5 42. Ke3 Kh5 43. Kd4 Kg4 44. b4 h3 45. g3 Kh5 46.
Ke5 Kg6 47. a4 Bc6 48. Rf6+ Kh5 49. Rxe6 Bxa4 50. Rxa6 Bc2 51. Rf6 Bd3 52. Kd4
Be2 53. Kc5 g4 54. b5 Kg5 55. Rf4 1-0

[Event "IRT Memorial Victorio Riego"]
[Site "Asunción"]
[Date "2011.01.08"]
[Round "3.8"]
[White "Torres, Mauricio"]
[Black "Apuril, Jose"]
[Result "1-0"]
[WhiteElo "1605"]
[BlackElo "1845"]
[PlyCount "79"]
[EventDate "2011.01.06"]

1. e4 c5 2. Nc3 e6 3. g3 Nc6 4. Bg2 Nf6 5. f4 d6 6. Nf3 Qc7 7. O-O Be7 8. d3 a6
9. Be3 Rb8 10. h3 h5 11. Qe1 b5 12. Qf2 c4 13. e5 Nd7 14. d4 Nb6 15. g4 b4 16.
Ne2 hxg4 17. hxg4 Nd5 18. Ng5 Nxe3 19. Qxe3 Bxg5 20. fxg5 dxe5 21. Qg3 Bb7 22.
b3 Rd8 23. Rad1 cxb3 24. cxb3 Qd7 25. dxe5 Qxd1 26. Rxd1 Rxd1+ 27. Kf2 Ke7 28.
Qf4 Rhd8 29. Bxc6 Bxc6 30. Qxb4+ Ke8 31. Qb6 Be4 32. Qxa6 Kf8 33. Qb6 Kg8 34.
Nf4 g6 35. Nxe6 Ra8 36. a4 fxe6 37. Qxe6+ Kf8 38. Qf6+ Ke8 39. e6 Rd3 40. Qf7+
1-0

[Event "IRT Memorial Victorio Riego"]
[Site "Asunción"]
[Date "2011.01.08"]
[Round "3.11"]
[White "Estigarribia, Marcos"]
[Black "Rivarola, Paul"]
[Result "0-1"]
[WhiteElo "1669"]
[BlackElo "1700"]
[PlyCount "70"]
[EventDate "2011.01.06"]

1. d4 d5 2. Nf3 e6 3. c3 Bd6 4. Bg5 Ne7 5. Nbd2 b6 6. e3 Bb7 7. Bd3 c5 8. O-O
O-O 9. Qe2 f5 10. Ne5 c4 11. Bc2 Nbc6 12. f4 Qe8 13. Rf3 Bxe5 14. fxe5 Qh5 15.
Bxe7 Nxe7 16. Qf2 g5 17. Rh3 Qg6 18. Bd1 g4 19. Rh4 Qg5 20. Qg3 Ng6 21. Nf3
Qxe3+ 22. Kh1 Nxh4 23. Qxh4 gxf3 24. Bxf3 Rf7 25. Bh5 Rg7 26. Bf3 Qd2 27. Rf1
Qxb2 28. Qh6 Qxc3 29. Qf4 Qd3 30. Bh5 Qe4 31. Qf2 c3 32. Bd1 Rc8 33. Bc2 Qg4
34. h3 Qg3 35. Qe2 Ba6 0-1

[Event "IRT Memorial Victorio Riego"]
[Site "Asunción"]
[Date "2011.01.08"]
[Round "3.13"]
[White "Florentin, Damaso"]
[Black "Alderete, Jazmin"]
[Result "0-1"]
[WhiteElo "1775"]
[BlackElo "1565"]
[PlyCount "104"]
[EventDate "2011.01.06"]

1. d4 d5 2. Nf3 Nf6 3. Bf4 Bf5 4. c3 e6 5. e3 Be7 6. Qb3 b6 7. Ne5 O-O 8. Nd2
Nfd7 9. Ndf3 f6 10. Nd3 c5 11. Qd1 Nc6 12. Nh4 Be4 13. Bg3 e5 14. Nc1 h6 15.
Nf3 c4 16. Nd2 Bh7 17. Qa4 Rc8 18. b4 Re8 19. Be2 Bd6 20. O-O Bb8 21. Bh5 Rf8
22. Qb5 Ne7 23. Bf3 e4 24. Bg4 f5 25. Bh5 Nf6 26. Bd1 Bg6 27. Qa6 Nh7 28. Ne2
Bh5 29. Bxb8 Rxb8 30. Nf4 Bxd1 31. Ne6 Qd7 32. Nxf8 Rxf8 33. Rfxd1 Rf6 34. b5
Rg6 35. Kh1 Nf6 36. h3 Rg5 37. Nf1 Nh5 38. Qa4 Ng6 39. Nd2 Nh4 40. Rg1 f4 41.
exf4 Nxf4 42. g4 h5 43. Rg3 Ne2 44. Rag1 Nxg1 45. Kxg1 hxg4 46. Qd1 Nf3+ 47.
Nxf3 exf3 48. Qd2 Qf5 49. Qe3 Rh5 50. Qe1 Rxh3 51. Qf1 Rh4 52. Qe1 Qh5 0-1

[Event "IRT Memorial Victorio Riego"]
[Site "?"]
[Date "2011.01.08"]
[Round "3.14"]
[White "Saldana, Fernando"]
[Black "Laterza, Martin"]
[Result "1/2-1/2"]
[WhiteElo "1759"]
[BlackElo "1547"]
[PlyCount "54"]
[EventDate "2011.01.08"]

1. e4 c5 2. Nf3 a6 3. d4 cxd4 4. Nxd4 Nf6 5. Nc3 e5 6. Nb3 Bb4 7. Bd3 d5 8.
exd5 e4 9. Be2 Qxd5 10. O-O Bxc3 11. bxc3 O-O 12. Qxd5 Nxd5 13. Bb2 Nc6 14.
Rfd1 Nf4 15. Bf1 Bg4 16. Re1 f5 17. h3 Bh5 18. Nc5 b5 19. g3 Ng6 20. a4 Nge5
21. Bg2 Nc4 22. Bc1 N6e5 23. Ne6 Rfc8 24. Nd4 Nd6 25. Bf4 Nec4 26. axb5 axb5
27. Rxa8 Rxa8 1/2-1/2

[Event "IRT Memorial Victorio Riego"]
[Site "Asunción"]
[Date "2011.01.09"]
[Round "4.1"]
[White "Coronel, Dario"]
[Black "Riline, Alejandro"]
[Result "1-0"]
[WhiteElo "1982"]
[BlackElo "2218"]
[PlyCount "57"]
[EventDate "2011.01.06"]

1. e4 c5 2. Nf3 d6 3. d4 cxd4 4. Nxd4 Nf6 5. Nc3 a6 6. f3 e5 7. Nb3 Be7 8. Be3
Be6 9. Qd2 Nbd7 10. O-O-O Qc7 11. Qf2 Rc8 12. Kb1 b5 13. g4 Nc5 14. g5 Nfd7 15.
h4 Nb6 16. Nxc5 dxc5 17. f4 exf4 18. Bxf4 Qb7 19. Bg2 O-O 20. Nd5 Rfd8 21. Qf3
Bxd5 22. exd5 Bd6 23. h5 Qc7 24. Bc1 c4 25. Bh3 Rb8 26. g6 Rb7 27. gxf7+ Kh8
28. Be6 Qe7 29. h6 1-0

[Event "IRT Memorial Victorio Riego"]
[Site "Asunción"]
[Date "2011.01.09"]
[Round "4.2"]
[White "Latorre, Matias"]
[Black "Chang, Suzana"]
[Result "1-0"]
[WhiteElo "2093"]
[BlackElo "2028"]
[PlyCount "89"]
[EventDate "2011.01.06"]

1. Nf3 Nf6 2. c4 e6 3. g3 b6 4. Bg2 Bb7 5. O-O c5 6. Nc3 Qc8 7. b3 Be7 8. Ba3
O-O 9. d4 d5 10. cxd5 Nxd5 11. Nxd5 Bxd5 12. dxc5 Rd8 13. Qc2 Qa6 14. Bb2 bxc5
15. Ne5 Bxg2 16. Kxg2 Qb7+ 17. Kg1 Nc6 18. Qe4 Rd5 19. Nxc6 Qxc6 20. Rac1 Rad8
21. Rc4 Qd7 22. Rfc1 Rd2 23. R4c2 h6 24. Kg2 Rxc2 25. Qxc2 Qb7+ 26. f3 Qa6 27.
h4 Qa5 28. Bc3 Qb5 29. Qb2 Bf8 30. Be1 Rd5 31. Bf2 Qa5 32. Be1 Qa6 33. Rc2 Qb5
34. Rc4 Rd4 35. Rc3 Rd1 36. Bf2 Qd7 37. Be3 Qd5 38. Qc2 g6 39. Rc4 Qd7 40. b4
cxb4 41. Rc8 Kg7 42. Qb2+ f6 43. Qc2 Be7 44. h5 f5 45. Qb2+ 1-0

[Event "IRT Memorial Victorio Riego"]
[Site "Asunción"]
[Date "2011.01.09"]
[Round "4.3"]
[White "Gamarra, Ramon"]
[Black "Diaz, Ramon"]
[Result "0-1"]
[WhiteElo "2022"]
[BlackElo "1861"]
[PlyCount "52"]
[EventDate "2011.01.06"]

1. d4 d5 2. Nf3 e6 3. g3 f5 4. Bg2 Nf6 5. O-O Bd6 6. c4 c6 7. Nc3 O-O 8. c5 Bc7
9. Bg5 Nbd7 10. Qc2 h6 11. Bxf6 Qxf6 12. b4 e5 13. dxe5 Nxe5 14. Nd4 f4 15.
Rad1 Bd7 16. a4 a6 17. Qb3 Kh8 18. b5 axb5 19. axb5 Ng4 20. b6 Bb8 21. Qb4 Nxh2
22. Kxh2 fxg3+ 23. fxg3 Qh4+ 24. Kg1 Bxg3 25. Rf3 Qh2+ 26. Kf1 Bh3 0-1

[Event "IRT Memorial Victorio Riego"]
[Site "?"]
[Date "2011.01.09"]
[Round "4.4"]
[White "Chaves, Nicolas"]
[Black "De Deus Filho, Joaquim"]
[Result "1-0"]
[WhiteElo "1794"]
[BlackElo "2107"]
[PlyCount "99"]
[EventDate "2011.01.08"]

1. Nf3 b6 2. d4 e6 3. Bf4 Bb7 4. e3 f5 5. c3 Nf6 6. Nbd2 Be7 7. Bd3 O-O 8. Qc2
d5 9. h3 c5 10. Ne5 Qe8 11. g4 Ne4 12. gxf5 exf5 13. Nxe4 fxe4 14. Be2 cxd4 15.
cxd4 Na6 16. a3 Bd6 17. Qb3 Nc7 18. Bg3 Kh8 19. O-O Ne6 20. Qb5 Bxe5 21. Qxe8
Raxe8 22. Bxe5 Ng5 23. Bg4 Bc8 24. Kg2 Bxg4 25. hxg4 Nf3 26. Bg3 Nd2 27. Rh1
Nb3 28. Rad1 g6 29. Rh6 Rf7 30. Rdh1 Kg8 31. Be5 Re6 32. g5 Rc6 33. Bf6 Rd7 34.
f4 a5 35. Kg3 Rc2 36. f5 gxf5 37. g6 hxg6 38. Rxg6+ Kf7 39. Rhh6 Kf8 40. Rh8+
Kf7 41. Rg7+ Ke6 42. Re8+ Kxf6 43. Rxd7 Re2 44. Rd6+ Kf7 45. Rb8 Rxe3+ 46. Kh4
Nxd4 47. Rb7+ Ke8 48. Rh6 Ne6 49. Rxe6+ Kf8 50. Rc6 1-0

[Event "IRT Memorial Victorio Riego"]
[Site "Asunción"]
[Date "2011.01.09"]
[Round "4.5"]
[White "Fretes, Hector"]
[Black "Roman, Rodrigo"]
[Result "1-0"]
[WhiteElo "1717"]
[BlackElo "1960"]
[PlyCount "66"]
[EventDate "2011.01.06"]

1. f4 e5 2. fxe5 d6 3. exd6 Bxd6 4. Nf3 g5 5. g3 g4 6. Nh4 Nc6 7. Nc3 Be6 8. d3
Nd4 9. e3 Be7 10. exd4 Bxh4 11. gxh4 Qxh4+ 12. Kd2 Qg5+ 13. Ke2 Qh5 14. Bf4
O-O-O 15. Kd2 Rxd4 16. Be3 Rd7 17. Bg2 Ne7 18. h3 Qg6 19. hxg4 Bxg4 20. Bf3 f5
21. Qf1 f4 22. Bxa7 Bxf3 23. Qxf3 Nc6 24. Bf2 Rhd8 25. Rag1 Qf7 26. Rh4 Ne5 27.
Qe4 Ng6 28. Qa4 Re7 29. Qa8+ Kd7 30. Qxb7 Qf6 31. Nd5 Qe6 32. Nxe7 Nxh4 33.
Bxh4 Qh6 1-0

[Event "IRT Memorial Victorio Riego"]
[Site "?"]
[Date "2011.01.09"]
[Round "4.6"]
[White "Heinichen, John"]
[Black "Torres, Mauricio"]
[Result "0-1"]
[WhiteElo "1788"]
[BlackElo "1605"]
[PlyCount "144"]
[EventDate "2011.01.08"]

1. e4 c5 2. Nf3 a6 3. d4 cxd4 4. Nxd4 g6 5. Nc3 Bg7 6. Be3 Nc6 7. Qd2 Nf6 8. f3
d6 9. g4 Bxg4 10. Nxc6 bxc6 11. Be2 Bd7 12. O-O-O Rb8 13. Bxa6 Qa5 14. Bc4 O-O
15. Bh6 c5 16. Bxg7 Kxg7 17. h4 h5 18. Rhg1 Qb4 19. b3 Qa3+ 20. Kb1 Qb4 21. Qd3
Bc6 22. e5 dxe5 23. Bxf7 Rxf7 24. Qxg6+ Kf8 25. Nd5 Bxd5 26. Rxd5 c4 27. Rxe5
c3 28. Rxh5 e6 29. Rh8+ Ke7 30. Rxb8 Qxb8 31. Qg5 Qd6 32. Ka1 Qa3 33. Rb1 Ke8
34. b4 Nd5 35. Rb3 Qa6 36. b5 Qa4 37. Qg6 Nf4 38. Qg8+ Rf8 39. Qg7 Nd5 40. b6
Rxf3 41. Qg2 Nb4 42. a3 Nxc2+ 43. Qxc2 Rf7 44. Rxc3 Qd4 45. Qb2 Rf1+ 46. Ka2
Rf2 47. b7 Rxb2+ 48. Kxb2 Qd2+ 49. Kb1 Qd1+ 50. Ka2 Qe2+ 51. Ka1 Qf1+ 52. Kb2
Qg2+ 53. Kb3 Qxb7+ 54. Kc4 Qe4+ 55. Kb5 Qxh4 56. a4 Qd4 57. Rc4 Qd5+ 58. Kb4
Qb7+ 59. Kc5 e5 60. a5 Kd7 61. Ra4 Qc6+ 62. Kb4 Kc7 63. a6 Kb8 64. Ra5 Qd6+ 65.
Rc5 Ka7 66. Kc4 Kxa6 67. Rd5 Qe6 68. Kc5 e4 69. Rd4 Qe5+ 70. Kc4 e3 71. Rd1 e2
72. Re1 Qa5 0-1

[Event "IRT Memorial Victorio Riego"]
[Site "Asunción"]
[Date "2011.01.09"]
[Round "4.7"]
[White "Rivarola, Paul"]
[Black "Almiron, Antonio"]
[Result "0-1"]
[WhiteElo "1700"]
[BlackElo "2140"]
[PlyCount "90"]
[EventDate "2011.01.06"]

1. d4 Nf6 2. g3 c5 3. d5 d6 4. Bg2 g6 5. e4 Bg7 6. Ne2 O-O 7. O-O b5 8. h3 Bb7
9. Nd2 Nbd7 10. c4 Nb6 11. cxb5 a6 12. bxa6 Bxa6 13. Re1 Nfd7 14. a4 Ne5 15.
Nf4 Qd7 16. a5 Nbc4 17. Nxc4 Nxc4 18. Qc2 Rfb8 19. Ra2 Qc7 20. Bf1 Ne5 21. Re3
Bxf1 22. Kxf1 Rxa5 23. Rea3 Rxa3 24. bxa3 Nf3 25. Bb2 Nd4 26. Bxd4 Bxd4 27. Ne2
Bf6 28. a4 Qa5 29. Nc1 Rb4 30. Kg2 e6 31. Nb3 Qa8 32. dxe6 Rxe4 33. exf7+ Kxf7
34. Kh2 Re1 35. f3 Qxf3 36. Qg2 Qxb3 37. a5 Re7 38. a6 Ra7 39. h4 Be5 40. Rf2+
Kg7 41. Rf3 Qd5 42. Qe2 Rxa6 43. Rf2 Ra3 44. Rg2 Bxg3+ 45. Rxg3 Ra2 0-1

[Event "IRT Memorial Victorio Riego"]
[Site "?"]
[Date "2011.01.09"]
[Round "?"]
[White "Rivas, Jose"]
[Black "Herrero, Juan"]
[Result "1-0"]
[WhiteElo "1775"]
[BlackElo "1327"]
[Annotator "Rivas,José María"]
[PlyCount "73"]
[EventDate "2011.01.07"]

1. e4 c6 2. d4 d5 3. Nd2 dxe4 4. Nxe4 Nf6 5. Nxf6+ gxf6 6. Bf4 Bf5 7. Nf3 Bg4
8. c3 e6 9. h3 Bh5 10. g4 Bg6 11. Bd3 Bd6 12. Bxd6 Qxd6 13. Bxg6 hxg6 14. Qe2
Nd7 15. O-O-O Qf4+ 16. Nd2 O-O-O 17. Kb1 Nb6 18. Ne4 f5 19. Nc5 fxg4 20. hxg4
Qd6 21. Qf3 f5 22. gxf5 gxf5 23. Rde1 Qd5 24. Qxd5 exd5 25. Rxh8 Rxh8 26. Re5
Nd7 27. Nxd7 Kxd7 28. Rxf5 Ke7 29. Kc2 Rf8 30. Rxf8 Kxf8 31. Kd3 Ke7 32. Ke3
Ke6 33. Kf4 Kf6 34. b3 b5 35. b4 a6 36. a3 Ke6 37. Kg5 1-0

[Event "IRT Memorial Victorio Riego"]
[Site "?"]
[Date "2011.01.09"]
[Round "4.10"]
[White "Riva, Eric"]
[Black "Rezende, Guillerme"]
[Result "0-1"]
[WhiteElo "1690"]
[BlackElo "1975"]
[PlyCount "60"]
[EventDate "2011.01.08"]

1. Nf3 Nf6 2. g3 d5 3. Bg2 e6 4. c4 Be7 5. b3 c5 6. O-O Nc6 7. Bb2 O-O 8. d3 d4
9. e3 e5 10. exd4 exd4 11. a3 h6 12. Nbd2 Bf5 13. Qc2 Qd7 14. Rfe1 Bd6 15. Re2
Rae8 16. Rae1 Rxe2 17. Rxe2 Re8 18. Rxe8+ Qxe8 19. Kf1 g5 20. h3 Qe6 21. g4 Bg6
22. Nb1 Ne5 23. Nxe5 Qxe5 24. Bxb7 h5 25. Qe2 Qf4 26. Bf3 Qh2 27. Bg2 hxg4 28.
hxg4 Nxg4 29. Nd2 Qf4 30. Ne4 Ne3+ 0-1

[Event "IRT Memorial Victorio Riego"]
[Site "Asunción"]
[Date "2011.01.09"]
[Round "4.11"]
[White "Lipiniks, Leonardo"]
[Black "Torres, Christian"]
[Result "1-0"]
[WhiteElo "1863"]
[BlackElo "1670"]
[PlyCount "47"]
[EventDate "2011.01.06"]

1. e4 c5 2. Nf3 d6 3. d4 cxd4 4. Nxd4 Nf6 5. Nc3 a6 6. Be2 e6 7. Be3 Be7 8. O-O
O-O 9. Kh1 Bd7 10. f4 Qc7 11. Qd2 Nc6 12. Nb3 Na5 13. Nxa5 Qxa5 14. e5 dxe5 15.
fxe5 Qxe5 16. Bd4 Qc7 17. Qg5 h6 18. Qh4 Qa5 19. Bxf6 Bxf6 20. Rxf6 gxf6 21.
Ne4 Bc6 22. Nxf6+ Kg7 23. Nh5+ Kg8 24. Qf6 1-0

[Event "IRT Memorial Victorio Riego"]
[Site "Asunción"]
[Date "2011.01.09"]
[Round "4.14"]
[White "Laterza, Martin"]
[Black "Estigarribia, Marcos"]
[Result "1-0"]
[WhiteElo "1547"]
[BlackElo "1669"]
[PlyCount "85"]
[EventDate "2011.01.06"]

1. e4 d5 2. exd5 Qxd5 3. Nc3 Qa5 4. d4 c6 5. Bd2 Qc7 6. Bd3 Nf6 7. Nf3 Bg4 8.
Qe2 e6 9. O-O-O Bd6 10. h3 Bh5 11. Rhe1 Nbd7 12. g4 Bg6 13. Ne5 Bxe5 14. dxe5
Nd5 15. f4 Bxd3 16. Qxd3 O-O-O 17. Ne4 Kb8 18. Nd6 Nf8 19. f5 f6 20. Bc3 Nxc3
21. Qxc3 Rd7 22. exf6 Rxd6 23. Rxd6 Qxd6 24. fxg7 Rg8 25. gxf8=Q+ Rxf8 26. Rxe6
Qf4+ 27. Qe3 Qf1+ 28. Kd2 Rd8+ 29. Kc3 b5 30. Rxc6 Qg2 31. Rc5 a6 32. b3 Qh1
33. Kb2 Qb7 34. Qe5+ Ka8 35. Rc7 Qb6 36. Qc5 Qf6+ 37. Qc3 Qxc3+ 38. Kxc3 h5 39.
g5 Rd5 40. Rf7 Re5 41. g6 Re3+ 42. Kb2 Rxh3 43. g7 1-0

[Event "IRT Memorial Victorio Riego"]
[Site "Asunción"]
[Date "2011.01.10"]
[Round "5.1"]
[White "Diaz, Ramon"]
[Black "Coronel, Dario"]
[Result "1/2-1/2"]
[WhiteElo "1861"]
[BlackElo "1982"]
[PlyCount "40"]
[EventDate "2011.01.06"]

1. e4 c5 2. Nf3 d6 3. d4 cxd4 4. Nxd4 Nf6 5. Nc3 a6 6. Be2 Qc7 7. Be3 e5 8. Nb3
Be6 9. O-O Be7 10. Nd5 Nxd5 11. exd5 Bf5 12. c4 Nd7 13. Rc1 b6 14. f4 exf4 15.
Bxf4 Bg6 16. Kh1 Bf6 17. Qd2 O-O 18. Nd4 Be5 19. Nc6 Bxf4 20. Rxf4 Rae8 1/2-1/2

[Event "IRT Memorial Victorio Riego"]
[Site "Asunción"]
[Date "2011.01.10"]
[Round "5.2"]
[White "Riline, Alejandro"]
[Black "Latorre, Matias"]
[Result "1-0"]
[WhiteElo "2218"]
[BlackElo "2093"]
[PlyCount "49"]
[EventDate "2011.01.06"]

1. d4 g6 2. c4 Bg7 3. Nc3 d6 4. e4 a6 5. f4 c6 6. Nf3 Bg4 7. Be2 b5 8. O-O Nd7
9. Be3 Bxf3 10. Bxf3 Nb6 11. e5 d5 12. c5 Nc4 13. Bc1 h5 14. b3 Na5 15. f5 gxf5
16. Bg5 Bh6 17. Bh4 Kd7 18. Kh1 Qf8 19. Nxd5 cxd5 20. Bxd5 Rc8 21. Qe1 Nc6 22.
e6+ Kd8 23. Rxf5 f6 24. Bf3 b4 25. Rd5+ 1-0

[Event "IRT Memorial Victorio Riego"]
[Site "Asunción"]
[Date "2011.01.10"]
[Round "5.3"]
[White "Torres, Mauricio"]
[Black "Chaves, Nicolas"]
[Result "1/2-1/2"]
[WhiteElo "1605"]
[BlackElo "1794"]
[PlyCount "61"]
[EventDate "2011.01.06"]

1. e4 d5 2. exd5 Nf6 3. Nf3 Nxd5 4. Bc4 Bg4 5. O-O e6 6. Nc3 c6 7. d4 Nd7 8.
Bxd5 cxd5 9. Bf4 Qb6 10. Rb1 Bd6 11. Bxd6 Qxd6 12. h3 Bh5 13. Qd3 Qf4 14. Ne5
Nxe5 15. dxe5 O-O 16. Rfe1 Bg6 17. Qd1 Rac8 18. Re2 Rc5 19. g3 Qc4 20. Rd2 Qa6
21. h4 h6 22. h5 Bh7 23. g4 f6 24. Qe1 Rc4 25. f3 Rf4 26. Kg2 Qc6 27. Ne2 Ra4
28. Nc3 Rf4 29. Ne2 Ra4 30. Nc3 Rf4 31. Ne2 1/2-1/2

[Event "IRT Memorial Victorio Riego"]
[Site "Asunción"]
[Date "2011.01.10"]
[Round "5.4"]
[White "Almiron, Antonio"]
[Black "Fretes, Hector"]
[Result "1-0"]
[WhiteElo "2140"]
[BlackElo "1717"]
[PlyCount "23"]
[EventDate "2011.01.06"]

1. e4 e5 2. Nf3 f5 3. Nxe5 Nc6 4. d4 Nxe5 5. dxe5 d6 6. exf5 Bxf5 7. Qf3 Qc8 8.
Bc4 dxe5 9. Qd5 Nf6 10. Qf7+ Kd8 11. Bg5 Be7 12. Nc3 1-0

[Event "IRT Memorial Victorio Riego"]
[Site "Asunción"]
[Date "2011.01.10"]
[Round "5.5"]
[White "Aquino, Carlos"]
[Black "Rivas, Jose"]
[Result "0-1"]
[WhiteElo "1745"]
[BlackElo "1775"]
[PlyCount "76"]
[EventDate "2011.01.06"]

1. e4 e5 2. Nf3 Nc6 3. Bb5 a6 4. Ba4 b5 5. Bb3 Nf6 6. O-O Bc5 7. c3 d6 8. d4
exd4 9. cxd4 Bb6 10. Bd5 Nxd5 11. exd5 Ne7 12. Nc3 O-O 13. Bg5 Qd7 14. Bxe7
Qxe7 15. Re1 Qf6 16. h3 Bd7 17. Ne4 Qg6 18. Ng3 Rfe8 19. Qd2 h6 20. Rxe8+ Rxe8
21. Re1 Rxe1+ 22. Qxe1 Kf8 23. a3 Qd3 24. Qc1 Ba5 25. b4 Bb6 26. Qf4 Qxa3 27.
Qh4 Qxb4 28. Qd8+ Be8 29. Kh2 Qb1 30. Nh4 Bxd4 31. Ngf5 Bf6 32. Qxc7 Qb4 33. g3
Qc5 34. Qb8 Bxh4 35. Nxd6 Qxf2+ 36. Kh1 Qf1+ 37. Kh2 Qe2+ 38. Kg1 Bxg3 0-1

[Event "IRT Memorial Victorio Riego"]
[Site "Asunción"]
[Date "2011.01.10"]
[Round "5.6"]
[White "Deus Filho, Joaquim De"]
[Black "Lipiniks, Leonardo"]
[Result "0-1"]
[WhiteElo "2107"]
[BlackElo "1863"]
[PlyCount "82"]
[EventDate "2011.01.06"]

1. e4 d5 2. Nf3 dxe4 3. Ng5 Nf6 4. Bc4 e6 5. Nc3 Be7 6. O-O O-O 7. Ngxe4 Nc6 8.
Re1 b6 9. a3 Bb7 10. d3 Ne5 11. Ba2 Nxe4 12. Nxe4 Bd5 13. c4 Bxe4 14. dxe4 Nd3
15. Rf1 Nxc1 16. Qxc1 Qd4 17. Qc2 Bf6 18. Rab1 Rfd8 19. Rfd1 Qe5 20. b4 c5 21.
g3 g5 22. Qe2 Kg7 23. Qg4 Kg6 24. f4 Qxe4 25. f5+ exf5 26. Qxe4 fxe4 27. Kf2
Bd4+ 28. Ke2 f5 29. Rf1 Rf8 30. bxc5 Bxc5 31. Rbd1 Rad8 32. a4 Rxd1 33. Rxd1 f4
34. Bb1 f3+ 35. Kf1 Re8 36. Re1 Kf5 37. h3 h5 38. Rd1 h4 39. Rd5+ Re5 40. gxh4
gxh4 41. Rd7 Ke6 0-1

[Event "IRT Memorial Victorio Riego"]
[Site "Asunción"]
[Date "2011.01.10"]
[Round "5.7"]
[White "Chang, Suzana"]
[Black "Apuril, Jose"]
[Result "1-0"]
[WhiteElo "2028"]
[BlackElo "1845"]
[PlyCount "51"]
[EventDate "2011.01.06"]

1. c4 Nf6 2. Nc3 Nc6 3. d4 e5 4. d5 Ne7 5. Nf3 Ng6 6. g3 Bc5 7. Bg2 d6 8. O-O
a6 9. Bg5 Ba7 10. Ne4 h6 11. Nxf6+ gxf6 12. Be3 f5 13. Bxa7 Rxa7 14. e3 Rg8 15.
Re1 Qf6 16. Rc1 b6 17. b4 Kd8 18. c5 bxc5 19. bxc5 Rb7 20. cxd6 cxd6 21. Qa4
Ne7 22. Qxa6 Rg4 23. Rxc8+ Nxc8 24. Qxb7 Rc4 25. Bf1 Rc7 26. Qb3 1-0

[Event "IRT Memorial Victorio Riego"]
[Site "?"]
[Date "2011.01.10"]
[Round "5.9"]
[White "Rezende, Guillerme"]
[Black "Heinichen, John"]
[Result "0-1"]
[WhiteElo "1975"]
[BlackElo "1788"]
[PlyCount "104"]
[EventDate "2011.01.08"]

1. d4 Nf6 2. c4 c5 3. d5 e6 4. Nc3 exd5 5. cxd5 d6 6. e4 g6 7. f4 Bg7 8. Bb5+
Nfd7 9. a4 O-O 10. Nf3 a6 11. Bc4 Nb6 12. Bd3 Bg4 13. O-O N8d7 14. a5 Nc8 15.
Qb3 Bxf3 16. Rxf3 Rb8 17. Qc2 Re8 18. Bd2 Qc7 19. Na4 b5 20. axb6 Ncxb6 21. Ba5
Qa7 22. Nxb6 Nxb6 23. Bxb6 Rxb6 24. e5 c4 25. Qf2 cxd3 26. Rxd3 Qb7 27. e6 fxe6
28. Re1 Rxb2 29. Qg3 e5 30. f5 gxf5 31. Qg5 Rb1 32. Rdd1 Rxd1 33. Rxd1 f4 34.
h4 Qb3 35. Qh5 Rf8 36. Qg4 Kh8 37. h5 f3 38. Rf1 Qe3+ 39. Kh1 fxg2+ 40. Qxg2
Rxf1+ 41. Qxf1 Qe4+ 42. Kg1 Qxd5 43. Qxa6 Bh6 44. Kf1 Qf7+ 45. Ke1 Bf8 46. Qc8
d5 47. h6 Qg8 48. Qc6 Qg1+ 49. Ke2 Qh2+ 50. Kf3 Qxh6 51. Qe8 Qf6+ 52. Ke2 d4
0-1

[Event "IRT Memorial Victorio Riego"]
[Site "?"]
[Date "2011.??.10"]
[Round "5.10"]
[White "Saldana, Fernando"]
[Black "Herrero, Juan Luis"]
[Result "1/2-1/2"]
[WhiteElo "1759"]
[BlackElo "1327"]
[PlyCount "134"]
[EventDate "2011.01.08"]

1. e4 c6 2. d4 d5 3. Nd2 dxe4 4. Nxe4 Nf6 5. Nxf6+ gxf6 6. Nf3 Bg4 7. Be2 e6 8.
Be3 Qc7 9. Qd2 Nd7 10. h3 Bh5 11. g4 Bg6 12. Nh4 O-O-O 13. Nxg6 hxg6 14. O-O-O
Nb6 15. Qa5 Kb8 16. c4 Nd5 17. Qxc7+ Nxc7 18. f4 Bh6 19. g5 Bg7 20. h4 fxg5 21.
fxg5 Rh7 22. h5 gxh5 23. Rxh5 Rdh8 24. Rdh1 Rxh5 25. Rxh5 Kc8 26. Kc2 Kd7 27.
a4 a5 28. Rxh8 Bxh8 29. Bh5 f6 30. gxf6 Bxf6 31. b3 e5 32. Bg4+ Kd8 33. dxe5
Bxe5 34. Bb6 Bf4 35. Bxa5 Ke7 36. Bb4+ Kd8 37. Bc5 b5 38. a5 Na6 39. Bb6+ Bc7
40. Bxc7+ Kxc7 41. cxb5 cxb5 42. Kc3 Kc6 43. b4 Kc7 44. Bf3 Nb8 45. Kd4 Na6 46.
Kc3 Nb8 47. Be2 Kc6 48. Bg4 Kc7 49. Bh5 Kd7 50. Bg6 Na6 51. Bf7 Nb8 52. Bd5 Kc7
53. Bf7 Kd7 54. Bg6 Na6 55. Bf5+ Kc7 56. Bd3 Kc6 57. Kb3 Nb8 58. Be4+ Kc7 59.
Kc3 Na6 60. Bg2 Nb8 61. Bh3 Na6 62. Be6 Nb8 63. Bf7 Kd7 64. Kd4 Na6 65. Bg6
Nxb4 66. Kc5 Nc6 67. a6 Nb8 1/2-1/2

[Event "IRT Memorial Victorio Riego"]
[Site "Asunción"]
[Date "2011.01.10"]
[Round "5.14"]
[White "Torres, Christian"]
[Black "Alderete, Jazmin"]
[Result "1-0"]
[WhiteElo "1670"]
[BlackElo "1565"]
[PlyCount "63"]
[EventDate "2011.01.06"]

1. e4 c5 2. Nf3 e6 3. d4 cxd4 4. Nxd4 a6 5. a3 Qc7 6. Nc3 Nf6 7. f3 Be7 8. Be3
O-O 9. Qd2 Nc6 10. O-O-O b5 11. g4 d6 12. h4 Rb8 13. h5 b4 14. axb4 Nxb4 15. g5
Nd7 16. g6 h6 17. gxf7+ Rxf7 18. Qg2 Kh8 19. Rg1 Nf6 20. Qg6 Bf8 21. Bh3 e5 22.
Ne6 Bxe6 23. Bxe6 Re7 24. Bb3 Rd7 25. Bxh6 gxh6 26. Qxf6+ Bg7 27. Rxg7 Rxg7 28.
Qxh6+ Rh7 29. Qf6+ Qg7 30. Qxd6 Qg5+ 31. Kb1 Rbb7 32. Qf8+ 1-0